000 00819nam a2200241 a 4500
008 951213s1978||||[C 0 slo c
020 _c20 Kčs.
_q(5000 výtl.)
040 _aSNK
_bslo
_cSNK
_eAACR2
041 1 _aslo
_hspa
044 _a[CS]
080 _a860 (82)-3(087.5)
100 1 _aMurillo, José
_4aut
245 1 0 _aRenancó a andské jelene
_cJosé Murillo, Ana María Rambo ; Marta Kobáňová, František Hůbel
250 _a1., vyd.
260 _aBratislava
_bMladé letá
_c1978
_eBanská Bystrica
_fTlačiarne SNP
300 _a160 s., 10,67 AH
_c21 cm
490 0 _aKlub mladých čitateľov
500 _aRozlož. ilustr. na tit. liste. Zoologické názvy živočíchov.
700 1 _aRambo, Ana María
_4aut
700 1 _aKobáňová, Marta
_4trl
700 1 _aHůbel, František
_4bkd
958 _aA
999 _c994
_d994